Carregant...
Micro finance and rural development in India /
With special reference to India.
| Autor principal: | |
|---|---|
| Altres autors: | , |
| Format: | Printed Book |
| Publicat: |
New Delhi :
New Century Publications,
2008.
|
| Matèries: | |
| Accés en línia: | http://www.loc.gov/catdir/toc/fy0903/2008324174.html |
| LEADER | 00795cam a2200241 a 4500 | ||
|---|---|---|---|
| 020 | |a 9788177081879 | ||
| 020 | |a 817708187X | ||
| 082 | 0 | 4 | |a 332 |b DAS/MI |
| 100 | |a Das, S. K., | ||
| 245 | 0 | 0 | |a Micro finance and rural development in India / |
| 260 | |a New Delhi : |b New Century Publications, |c 2008. | ||
| 300 | |a 163 p. ; | ||
| 500 | |a Includes statistical tables. | ||
| 520 | |a With special reference to India. | ||
| 650 | 0 | |a Microfinance | |
| 650 | 0 | |a Rural development | |
| 700 | 1 | |a Das, S. K., | |
| 700 | 1 | |a Nanda, B. P. | |
| 700 | 1 | |a Rath, Jayadeb, | |
| 856 | 4 | 1 | |u http://www.loc.gov/catdir/toc/fy0903/2008324174.html |
| 942 | |c BK | ||
| 999 | |c 9141 |d 9141 | ||
| 952 | |0 0 |1 0 |4 0 |6 332_000000000000000_DAS_MI |7 0 |8 NFIC |9 11935 |a KUFOS |b KUFOS |c GEN |d 2016-07-16 |o 332 DAS/MI |p 15129 |r 2016-07-16 |w 2016-07-16 |y BK | ||